Missing Word: Alaska A-Z Quiz Stats

 Plays Quiz Updated Sep 19, 2019

Score 0/24 Timer 04:00
1 Play Today
Hint Missing Word % Correct
British _____, Canadian province bordering AlaskaColumbia
94.5%
Vice President candidate ______ PalinSarah
92.6%
Before the purchase by the U.S., ______ laid claim to AlaskaRussia
91.2%
State motto, currently seen on license plates: The _____ FrontierLast
91.2%
_____ Territory, Canadian territory bordering AlaskaYukon
89.1%
_____, the state's capitalJuneau
88.4%
______ Valdez oil spillExxon
86.7%
Denali's former name, Mount _____McKinley
76%
_____ Gold RushKlondike
74.6%
_____ Mammoth, Alaska's state fossilWoolly
71.2%
Alaskan _____ poles were seen at the 1893 World's FairTotem
68.7%
Prudhoe Bay ___ FieldOil
67.8%
Hint Missing Word % Correct
Glacier ___ National Park and PreserveBay
65.3%
_____ Islands Campaign, WWII Japanese invasionAleutian
64.7%
_____ Trail Sled Dog RaceIditarod
62.2%
Katmai _____ Park and PreserveNational
61.9%
The Big ______, on the Alaskan state flagDipper
54.7%
Trans-Alaska _____ SystemPipeline
45.8%
Dutch _____, fishing port featured in the Deadliest Catch showHarbor
36%
Kobuk _____ National ParkValley
28.8%
_____ of the Arctic National Park
and Preserve
Gates
16.8%
Alaska Permanent ____Fund
15.5%
_____ is wool from the musk ox, farmed in AlaskaQiviut
5.3%
_____ Island, first sighting of Alaska by Vitus Bering in 1741Unalaska
4.7%

Today's Daily Dose

You're not logged in!

Compare scores with friends on all Sporcle quizzes.
OR
Log In

Sporcle TV

Today on Sporcle TV


Watch our educational content, quiz creation guides, and fun videos on Sporcle TV.

Show Comments

Extras

Top Quizzes Today


Score Distribution

Your Account Isn't Verified!

In order to create a playlist on Sporcle, you need to verify the email address you used during registration. Go to your Sporcle Settings to finish the process.

Report this User

Report this user for behavior that violates our Community Guidelines.

Details: